[Event "Titled Tue 24th Jun Early"]
[Site "chess.com INT"]
[Date "2025.06.24"]
[Round "5"]
[White "Zhigalko, Sergei"]
[Black "Hayrapetyan, Edgar"]
[Result "1-0"]
[WhiteTitle "GM"]
[BlackTitle "FM"]
[WhiteElo "2572"]
[BlackElo "2161"]
[WhiteFideId "13502956"]
[BlackFideId "13313568"]
[EventDate "2025.06.24"]

1. e4 e6 2. d4 d5 3. e5 c5 4. c3 Qb6 5. Nf3 Bd7 6. Be2 Ne7 7. dxc5 Qxc5 8. O-O
Qc7 9. Bd3 Nbc6 10. Re1 Ng6 11. Qe2 Be7 12. Na3 a6 13. Nc2 f6 14. Bxg6+ hxg6 15.
Bf4 g5 16. Bg3 f5 17. h3 Kf7 18. Ncd4 Nxd4 19. Nxd4 g6 20. Rad1 Rac8 21. Qd2 Qc4
22. a3 Rh5 23. f3 Rhh8 24. Bf2 a5 25. Be3 Rh5 26. Rc1 a4 27. Rcd1 Qc7 28. Bf2
Rch8 29. Qe2 Kg7 30. Rd2 Qc8 31. Red1 Kf7 32. Be3 Rh4 33. Nb5 Bxb5 34. Qxb5 Qc6
35. Qd3 b5 36. Rf2 Ke8 37. Qd2 R4h5 38. Qd3 Qc4 39. Qc2 Kd7 40. Rd4 Qc6 41. Qd2
Kc7 42. Qd1 Kb7 43. b3 f4 44. Bd2 Bc5 45. bxa4 Bxd4 46. cxd4 bxa4 47. Bb4 Ka8
48. Rc2 Qa6 49. Rc5 Kb7 50. Ra5 Qc4 51. Rc5 Qa6 52. Qc2 Rd8 53. Rc7+ Kb8 54. Bd6
Rxd6 55. exd6 Qxd6 56. Rc8+ Kb7 57. Rc5 Qb6 58. Qxa4 g4 59. Rb5 1-0

[Event "Titled Tue 24th Jun Early"]
[Site "chess.com INT"]
[Date "2025.06.24"]
[Round "5"]
[White "Gimeno Martos, Roberto"]
[Black "Agarwal, Amaya"]
[Result "1-0"]
[WhiteTitle "CM"]
[BlackTitle "WCM"]
[WhiteElo "2090"]
[BlackElo "2004"]
[WhiteFideId "2226804"]
[BlackFideId "48733580"]
[EventDate "2025.06.24"]

1. Nf3 d5 2. c4 e6 3. d4 Nf6 4. Nc3 Be7 5. Bg5 O-O 6. e3 Nbd7 7. cxd5 exd5 8.
Bd3 h6 9. Bh4 c6 10. Qe2 Re8 11. O-O Ne4 12. Bxe7 Qxe7 13. Nd2 Ndf6 14. Ndxe4
Nxe4 15. Nxe4 dxe4 16. Bc4 Be6 17. Rac1 Bxc4 18. Qxc4 Rad8 19. Rfd1 Qf6 20. b4
Qe6 21. a4 Qxc4 22. Rxc4 f5 23. Rdc1 Rd7 24. b5 cxb5 25. axb5 a6 26. bxa6 bxa6
27. Ra4 Rd6 28. Rca1 Rb8 29. Kf1 Rbb6 30. Ke1 Kf7 31. Kd2 Ke6 32. Kc3 Rdc6+ 33.
Rc4 Kd6 34. Ra5 g6 35. d5 Rxc4+ 36. Kxc4 g5 37. g3 h5 38. h3 g4 39. h4 Kd7 40.
Kc5 Rd6 41. Kd4 Kc7 42. Ke5 Rb6 43. Kxf5 Rb5 44. Rxb5 axb5 45. Ke6 Kd8 46. Ke5
Kd7 47. Kxe4 Kd6 48. Kd4 b4 49. e4 b3 50. Kc3 Ke5 51. Kxb3 Kxe4 52. d6 Kf3 53.
d7 Kxf2 54. d8=Q Kxg3 55. Qg5 Kh3 56. Qxh5 g3 57. Qg5 g2 58. h5 Kh2 59. Qh4+ Kg1
60. h6 Kf1 61. Qf4+ Ke2 62. Qg4+ Kf1 63. h7 g1=Q 64. Qxg1+ Kxg1 65. h8=Q Kf1 66.
Qb2 Kg1 67. Qe2 Kh1 68. Kc3 Kg1 69. Kd3 Kh1 70. Ke3 Kg1 71. Kf3 Kh1 72. Qg2# 1-0

[Event "Titled Tue 24th Jun Early"]
[Site "chess.com INT"]
[Date "2025.06.24"]
[Round "5"]
[White "Krsnik Cohar, Ivan Vihor"]
[Black "Mishra, Manoj"]
[Result "1-0"]
[WhiteTitle "FM"]
[BlackTitle "CM"]
[WhiteElo "2362"]
[BlackElo "1941"]
[WhiteFideId "14520044"]
[BlackFideId "5006007"]
[EventDate "2025.06.24"]

1. d4 Nf6 2. Bf4 g6 3. c3 Bg7 4. h3 O-O 5. e3 d6 6. Nd2 c5 7. Ngf3 Nc6 8. Be2
cxd4 9. exd4 e5 10. dxe5 dxe5 11. Nxe5 Nd5 12. Nxc6 bxc6 13. Bg3 Re8 14. O-O
Bxc3 15. Nc4 Bg7 16. Bf3 Ba6 17. Rc1 Qg5 18. Nd6 Bxf1 19. Qxf1 Ne3 20. fxe3 Qxg3
21. Nxe8 Rxe8 22. Qf2 Qxf2+ 23. Kxf2 Bxb2 24. Rxc6 a5 25. Bd5 Re7 26. a4 Ba3 27.
Kf3 Bb4 28. e4 Kg7 29. g4 h6 30. h4 Be1 31. h5 gxh5 32. gxh5 Bb4 33. Rb6 Bc3 34.
Ra6 Bb4 35. Rc6 Rd7 36. Rb6 Re7 37. Rb5 Bc3 38. Kf4 Bd2+ 39. Kf5 Bc3 40. Rc5 Bb4
41. Rc6 Rd7 42. Rc8 Re7 43. e5 Rd7 44. Bc4 Re7 45. Rd8 Rc7 46. Bd5 Be7 47. Ra8
Bb4 48. e6 fxe6+ 49. Bxe6 Rc5+ 50. Kg4 Rg5+ 51. Kh4 Be1+ 52. Kh3 Rxh5+ 53. Kg2
Rg5+ 54. Kf1 Bb4 55. Ra6 Rg6 56. Ra7+ Kf6 57. Bc4 Rg1+ 58. Ke2 Rg2+ 59. Kf3 Rg5
60. Ra6+ Kg7 61. Ke4 Rg4+ 62. Kd5 Rg5+ 63. Kd4 Rg4+ 64. Kd3 Rg3+ 65. Ke2 h5 66.
Ra7+ Kg6 67. Rb7 h4 68. Rb6+ Kg5 69. Rb5+ Kf4 70. Rh5 Re3+ 71. Kd1 Kg4 72. Rh7
h3 73. Bb5 Re1+ 74. Kc2 Rh1 75. Bc6 Kf4 76. Bxh1 Kg3 77. Kb3 h2 78. Bc6 Bc5 79.
Rh5 Bb4 80. Rb5 Bd2 81. Kc2 Be1 82. Rb1 Bb4 83. Rxb4 axb4 84. a5 1-0

[Event "Titled Tue 24th Jun Early"]
[Site "chess.com INT"]
[Date "2025.06.24"]
[Round "5"]
[White "Kaasen, Tor Fredrik"]
[Black "Bluebaum, Matthias"]
[Result "1/2-1/2"]
[WhiteTitle "IM"]
[BlackTitle "GM"]
[WhiteElo "2470"]
[BlackElo "2663"]
[WhiteFideId "1516647"]
[BlackFideId "24651516"]
[EventDate "2025.06.24"]

1. Nf3 d5 2. g3 e6 3. Bg2 Nf6 4. O-O Bd6 5. d4 O-O 6. c4 Nc6 7. Qc2 dxc4 8. Qxc4
e5 9. Nc3 exd4 10. Nxd4 Nxd4 11. Qxd4 Qe7 12. Bf4 Bxf4 13. Qxf4 c6 14. Rfd1 Be6
15. Qd6 Qxd6 16. Rxd6 Rfd8 17. Rad1 Rxd6 18. Rxd6 Kf8 19. e3 Ke7 20. Rd2 Nd7 21.
Kf1 Nb6 22. Ke1 a5 23. Bf1 f6 24. h4 Nd7 25. b3 Nb6 26. Na4 Nxa4 27. bxa4 Rd8
28. Rb2 Rd7 29. Be2 Kd6 30. Bd1 Kc7 31. f3 Rd3 32. e4 h6 33. Ke2 Bc4 34. Ke1 Be6
35. Ke2 Rd4 36. Bb3 Bd7 37. Rd2 Rxd2+ 38. Kxd2 Kd6 39. f4 c5 40. Kc3 Bc6 41. Kd3
b6 42. Ke3 Bb7 43. Kd3 Ba6+ 44. Bc4 Bc8 45. a3 Bd7 46. Bb5 Bh3 47. Bc4 Bf1+ 48.
Kc3 Bxc4 49. Kxc4 h5 50. Kc3 Kc6 51. Kc4 Kd7 52. Kc3 Kd6 53. Kc4 Kc6 54. Kc3 Kd7
55. Kc4 Ke6 56. Kc3 Kf7 57. Kc4 g5 58. Kd5 gxh4 59. gxh4 Ke7 60. Kc4 Kd6 61. Kc3
Kc6 62. Kc4 Kd6 63. Kc3 Kd7 64. Kb3 Kc7 65. Kc3 Kd8 66. Kc4 Ke7 67. Kd3 Ke6 68.
Kc4 Kd6 1/2-1/2

[Event "Titled Tue 24th Jun Early"]
[Site "chess.com INT"]
[Date "2025.06.24"]
[Round "5"]
[White "Sapocinic, Semion"]
[Black "Grandelius, Nils"]
[Result "0-1"]
[WhiteTitle "FM"]
[BlackTitle "GM"]
[WhiteElo "2296"]
[BlackElo "2643"]
[WhiteFideId "13908693"]
[BlackFideId "1710400"]
[EventDate "2025.06.24"]

1. d4 d5 2. c4 e6 3. Nf3 Nc6 4. cxd5 exd5 5. Nc3 a6 6. Bf4 Nf6 7. e3 Nh5 8. Bg5
Be7 9. Bxe7 Nxe7 10. Bd3 Nf6 11. O-O O-O 12. Ne5 Bf5 13. Bxf5 Nxf5 14. Qf3 Ne7
15. Rac1 c6 16. Nd3 Nc8 17. Nc5 Nd6 18. Rfd1 Re8 19. Qg3 a5 20. h3 Qe7 21. Qf3
g6 22. Qf4 Kg7 23. Qf3 Nc4 24. b3 Nd6 25. N3a4 h6 26. Qe2 h5 27. Nd3 Nfe4 28.
Nac5 Qg5 29. Nxe4 Rxe4 30. Qf3 Rae8 31. Rc5 Nf5 32. Nf4 Nh4 33. Qg3 Qxg3 34.
fxg3 Nf5 35. Rxa5 Nxe3 36. Re1 Nf5 37. Rxe4 Rxe4 38. Ra7 Nxg3 39. Nd3 Rxd4 40.
Nc5 h4 41. Rxb7 Rd1+ 42. Kf2 Rd2+ 43. Kf3 Rxa2 44. Ne6+ Kf6 45. Nd8 Nf5 46.
Rxf7+ Kg5 47. Nxc6 Rc2 48. Ne7 Rc7 49. Rxf5+ gxf5 50. Nxd5 Rb7 51. b4 Rb5 52.
Nc3 Rxb4 53. Ne2 Rb3+ 54. Kf2 Ra3 55. Kg1 Kf6 56. Nd4 Ke5 57. Nf3+ Rxf3 58. gxf3
Kd4 59. Kf2 Kd3 60. f4 Ke4 61. Ke2 Kxf4 62. Kf2 Ke4 63. Ke2 f4 64. Kf2 f3 65.
Kf1 Ke5 66. Ke1 Kf5 67. Kf1 Ke4 68. Kf2 Kf4 69. Kf1 Kg3 70. Kg1 Kxh3 0-1

[Event "Titled Tue 24th Jun Early"]
[Site "chess.com INT"]
[Date "2025.06.24"]
[Round "5"]
[White "Yang, Daniel"]
[Black "Seiger, Vidar"]
[Result "0-1"]
[WhiteTitle "CM"]
[BlackTitle "CM"]
[WhiteElo "2198"]
[BlackElo "2224"]
[WhiteFideId "30976340"]
[BlackFideId "1756079"]
[EventDate "2025.06.24"]

1. Nf3 Nf6 2. g3 b5 3. Bg2 Bb7 4. O-O e6 5. d4 c5 6. c3 cxd4 7. cxd4 d6 8. a3
Nbd7 9. Nc3 a6 10. Re1 Ne4 11. Nxe4 Bxe4 12. Nd2 Bxg2 13. Kxg2 Be7 14. d5 e5 15.
e4 O-O 16. a4 Nc5 17. axb5 axb5 18. Rxa8 Qxa8 19. b4 Nd3 20. Re3 Nxb4 21. Qb3
Qa4 22. Qxa4 bxa4 23. Ba3 Nc2 24. Rc3 Nd4 25. Rc4 Ra8 26. f4 Nb3 27. Nb1 f6 28.
Nc3 Nd2 29. Rb4 exf4 30. gxf4 Rc8 31. Nxa4 Rc2 32. Rb2 Rc4 33. Nb6 Rd4 34. Nc8
Bf8 35. Nxd6 Bxd6 36. Bxd6 Nxe4 37. Bc7 Rxd5 38. Rb8+ Kf7 39. Kf3 Nd6 40. Bxd6
Rxd6 41. Rb7+ Kg6 42. Rb5 f5 43. Re5 h6 44. Rc5 Kf6 45. Rb5 Ra6 46. Rc5 Ra3+ 47.
Kg2 Ra6 48. Rb5 g5 49. Kf3 Ra3+ 50. Kf2 gxf4 51. Rb8 Kg5 52. Rg8+ Kh5 53. Rf8
Kg4 54. Rg8+ Kh3 55. Rh8 Ra6 56. Kf3 Kxh2 57. Kxf4 Rf6 58. Rh7 Kh3 59. Ke5 Rg6
60. Kxf5 Ra6 61. Rg7 Kh4 62. Rg6 Rxg6 63. Kxg6 h5 64. Kf5 Kg3 65. Ke4 h4 66. Kf5
h3 67. Kg5 h2 68. Kf6 h1=Q 69. Ke5 Qf3 0-1

[Event "Titled Tue 24th Jun Early"]
[Site "chess.com INT"]
[Date "2025.06.24"]
[Round "5"]
[White "Estrada Nieto, Julian"]
[Black "Elsness, Frode"]
[Result "1-0"]
[WhiteTitle "IM"]
[BlackTitle "IM"]
[WhiteElo "2181"]
[BlackElo "2416"]
[WhiteFideId "5101018"]
[BlackFideId "1501100"]
[EventDate "2025.06.24"]

1. e4 c5 2. Nf3 d6 3. Bb5+ Nd7 4. a4 a6 5. Be2 Ngf6 6. Nc3 g6 7. O-O Bg7 8. a5
O-O 9. d3 e5 10. Nd2 Nb8 11. Nc4 Be6 12. Bg5 Nbd7 13. Nxd6 Qc7 14. Nc4 Bxc4 15.
dxc4 Qc6 16. Nd5 Nxd5 17. cxd5 Qd6 18. Bc4 Nf6 19. Qd3 Nh5 20. Ra3 h6 21. Be3 f5
22. Rb3 f4 23. Rb6 Qd7 24. Bxc5 f3 25. Rxg6 fxg2 26. Rxg2 Nf4 27. d6+ Kh8 28.
Qg3 Nxg2 29. Qxg2 Bf6 30. Kh1 Rac8 31. b4 Bg5 32. Rg1 Rf4 33. Be3 Rff8 34. Bxg5
hxg5 35. Bd5 Qh7 36. Qxg5 Rce8 37. Rg4 Rf4 38. Rxf4 exf4 39. Qxf4 Qg7 40. e5
Rxe5 41. Qh4+ Qh7 42. Qxh7+ Kxh7 43. Bxb7 Re1+ 44. Kg2 Rd1 45. Bxa6 Rxd6 46.
Bd3+ Kg7 47. a6 Rd7 48. b5 Kf6 49. b6 Rg7+ 50. Kf1 Ke5 51. a7 Rg8 52. Be2 Kf4
53. Bb5 Rc8 54. Bc6 Rxc6 55. a8=Q Rxc2 56. Qf8+ Kg4 57. Qg7+ Kf3 58. Qg3+ Ke4
59. Kg2 Kf5 60. h4 Rd2 61. Qg5+ Ke6 62. Qxd2 1-0

[Event "Titled Tue 24th Jun Early"]
[Site "chess.com INT"]
[Date "2025.06.24"]
[Round "5"]
[White "Kononenko, Dmitry2"]
[Black "Wijerathna, Vinuka Dihain"]
[Result "1-0"]
[WhiteTitle "FM"]
[BlackTitle "CM"]
[WhiteElo "2205"]
[BlackElo "2049"]
[WhiteFideId "14113538"]
[BlackFideId "29981905"]
[EventDate "2025.06.24"]

1. e4 e5 2. Nf3 Nc6 3. d4 exd4 4. Nxd4 Bc5 5. Nxc6 bxc6 6. Bc4 d6 7. Qf3 Nf6 8.
Bg5 h6 9. Bxf6 Qxf6 10. Qxf6 gxf6 11. Nd2 f5 12. Rf1 fxe4 13. Nxe4 Bb6 14. Bb3
d5 15. Ng3 Ba6 16. Rh1 O-O-O 17. f3 Rde8+ 18. Kd1 Re5 19. Re1 Rhe8 20. Rxe5 Rxe5
21. c3 h5 22. Bc2 Bg1 23. f4 Re8 24. Nxh5 Be2+ 25. Kd2 Bxh2 26. Rh1 Bxh5 27.
Rxh2 Re2+ 28. Kc1 Bg4 29. b4 Kb7 30. Rh7 f5 31. Rg7 Rxg2 32. Bxf5 Bf3 33. Rxg2
Bxg2 34. Bd7 c5 35. bxc5 c6 36. Kd2 Be4 37. Ke3 Kc7 38. Be8 Bb1 39. a3 Bc2 40.
Kd4 Ba4 41. Ke5 Kd8 42. Bh5 Ke7 43. f5 Bb5 44. f6+ Kd7 45. Bg4+ Ke8 46. Ke6 Kf8
47. Bh5 Ba4 48. Kd6 Bb5 49. Kc7 a5 50. Kd8 a4 51. Be8 Bc4 52. f7 Bb3 53. Kc7 d4
54. cxd4 Bd5 55. Bxc6 Bxf7 56. d5 Bg6 57. d6 Bc2 58. d7 Kf7 59. d8=Q Kg7 60. Qd5
Kg6 61. Qg2+ 1-0

[Event "Titled Tue 24th Jun Early"]
[Site "chess.com INT"]
[Date "2025.06.24"]
[Round "5"]
[White "Livaic, Leon"]
[Black "Storn, Justin"]
[Result "1/2-1/2"]
[WhiteTitle "GM"]
[WhiteElo "2550"]
[BlackElo "2073"]
[WhiteFideId "14531534"]
[BlackFideId "30922720"]
[EventDate "2025.06.24"]

1. d3 g6 2. e4 Bg7 3. f4 c5 4. Nf3 Nc6 5. Be2 e6 6. O-O d5 7. c3 Nge7 8. a4 O-O
9. Na3 a6 10. Qe1 Rb8 11. Qh4 b5 12. axb5 axb5 13. Nc2 b4 14. e5 bxc3 15. bxc3
Rb3 16. Bd2 Rb2 17. Ne3 d4 18. Nc4 Rb3 19. cxd4 cxd4 20. Ng5 h6 21. Ne4 Nb4 22.
Nc5 Rc3 23. Bxc3 dxc3 24. Nd6 Qb6 25. d4 Nf5 26. Nxf5 gxf5 27. Rfc1 c2 28. Ra3
Rd8 29. Qf2 Bf8 30. Rb3 Rxd4 31. Nd3 Bc5 32. Nxc5 Qxc5 33. h4 Bb7 34. Kh2 Bd5
35. Rg3+ Kh7 36. Bh5 Qc4 37. Bxf7 Rxf4 38. Bg6+ Kh8 39. Qa7 Rxh4+ 40. Kg1 Qd4+
41. Qxd4 Rxd4 42. Rc3 Rd1+ 43. Kh2 Rxc1 44. Rc8+ Kg7 45. Bh5 Rd1 46. Rc7+ Kf8
47. Rc8+ Ke7 48. Rxc2 Nxc2 49. Bxd1 Nd4 50. g4 Nc6 51. gxf5 exf5 52. Kg3 Ke6 53.
Kf4 Nxe5 54. Bc2 Ng6+ 55. Kg3 Kf6 56. Bb3 Kg5 57. Bxd5 h5 58. Ba8 h4+ 59. Kh3
Nf4+ 60. Kh2 Kg4 61. Bb7 h3 62. Ba6 Nd5 63. Be2+ Kh4 64. Bf1 Nf4 65. Ba6 Kg4 66.
Bf1 Kf3 67. Ba6 Kg4 68. Bf1 Kh4 69. Ba6 Nh5 70. Bf1 Nf4 1/2-1/2

[Event "Titled Tue 24th Jun Early"]
[Site "chess.com INT"]
[Date "2025.06.24"]
[Round "5"]
[White "Weisz, Bryan"]
[Black "Wael Sabry, Mina"]
[Result "1-0"]
[BlackTitle "FM"]
[WhiteElo "2059"]
[BlackElo "2107"]
[WhiteFideId "30934133"]
[BlackFideId "10670173"]
[EventDate "2025.06.24"]

1. e4 c5 2. Ne2 d6 3. g3 Nc6 4. Bg2 g6 5. c3 Bg7 6. d4 cxd4 7. cxd4 Nf6 8. Nbc3
O-O 9. O-O e5 10. h3 exd4 11. Nxd4 Nxe4 12. Nxe4 Nxd4 13. Bf4 d5 14. Nc3 Be6 15.
Be3 Nf5 16. Nxd5 Nxe3 17. Nxe3 Qb6 18. Qe2 Rfd8 19. Rfd1 Rac8 20. Nd5 Qc5 21. b4
Qc4 22. Qxc4 Rxc4 23. Ne7+ Kf8 24. Rxd8+ Kxe7 25. Rad1 Rxb4 26. Rb8 Bxa2 27.
Rxb7+ Rxb7 28. Bxb7 a5 29. Bd5 Bxd5 30. Rxd5 Bc3 31. Rc5 Bb4 32. Rc7+ Ke6 33.
Ra7 h5 34. Kg2 g5 35. Kf3 f5 36. Ke2 g4 37. h4 f4 38. Rh7 fxg3 39. fxg3 a4 40.
Rxh5 a3 41. Rh6+ Kf5 42. Ra6 Ke5 43. h5 Kf5 44. h6 Bc3 45. Rxa3 Bb2 46. Ra7 Kg6
47. h7 Bg7 48. Ke3 Kxh7 49. Kf4 Kg6 50. Kxg4 Be5 51. Ra6+ Bf6 52. Kf4 Kg7 53.
Kf5 Ba1 54. g4 Bc3 55. g5 Bd4 56. Rd6 Bc5 57. Rd7+ Kf8 58. g6 Bb4 59. g7+ Kg8
60. Kg6 Be7 61. Ra7 Bd8 62. Rf7 Be7 63. Rf1 Bd6 64. Rh1 Bh2 65. Kf6 Be5+ 66.
Kxe5 Kxg7 67. Kf5 Kf7 68. Rh6 Kg7 69. Ra6 Kf7 70. Ra7+ Ke8 71. Ke6 Kd8 72. Rh7
Kc8 73. Kd6 Kb8 74. Kc6 Ka8 75. Kb6 Kb8 76. Rh8# 1-0

[Event "Titled Tue 24th Jun Early"]
[Site "chess.com INT"]
[Date "2025.06.24"]
[Round "5"]
[White "Firouzja, Alireza"]
[Black "Mendonca, Leon Luke"]
[Result "0-1"]
[WhiteTitle "GM"]
[BlackTitle "GM"]
[WhiteElo "2766"]
[BlackElo "2603"]
[WhiteFideId "12573981"]
[BlackFideId "35028561"]
[EventDate "2025.06.24"]

1. Nf3 Nf6 2. g3 b6 3. Bg2 Bb7 4. O-O e6 5. d3 d5 6. Nbd2 Be7 7. e4 O-O 8. e5
Nfd7 9. Re1 c5 10. h4 b5 11. Nf1 Qc7 12. Bf4 Rc8 13. Ne3 Qd8 14. h5 h6 15. Ng4
Bf8 16. a4 b4 17. c4 bxc3 18. bxc3 Nc6 19. Rb1 Rab8 20. Qd2 Ba6 21. c4 Rxb1 22.
Rxb1 Nb4 23. Rc1 dxc4 24. dxc4 Nb6 25. Bxh6 Qxd2 26. Bxd2 Nxc4 27. Bf1 Nxd2 28.
Nxd2 Bb7 29. Nc4 Bc6 30. a5 Rd8 31. Bg2 Bb5 32. Nge3 Rd4 33. Bf1 Bc6 34. Nd6
Bxd6 35. exd6 Rxd6 36. Rxc5 Kh7 37. g4 g6 38. Kh2 gxh5 39. gxh5 f5 40. Kg3 Rd4
41. Nc2 Nxc2 42. Rxc6 Rg4+ 43. Kh3 Nd4 44. Rc7+ Kh6 45. Rxa7 Nf3 46. Bg2 Ng5+
47. Kh2 Rh4+ 48. Kg1 f4 49. Bc6 f3 50. a6 Rg4+ 51. Kf1 Rc4 52. Bxf3 Nxf3 53. Rf7
Ng5 54. Rf6+ Kxh5 55. f4 Ne4 56. Rxe6 Ng3+ 57. Kg2 Nf5 58. Re5 Kg4 59. Ra5 Rc8
60. Ra4 Ra8 61. Kf2 Ra7 62. Ke2 Ne7 63. Kd3 Nd5 64. Ke4 Nc3+ 0-1

[Event "Titled Tue 24th Jun Early"]
[Site "chess.com INT"]
[Date "2025.06.24"]
[Round "5"]
[White "Mayank, Chakraborty"]
[Black "Piesik, Piotr"]
[Result "1-0"]
[WhiteTitle "IM"]
[BlackTitle "IM"]
[WhiteElo "2457"]
[BlackElo "2436"]
[WhiteFideId "25659766"]
[BlackFideId "1136194"]
[EventDate "2025.06.24"]

1. d4 d5 2. c4 c6 3. cxd5 cxd5 4. Nc3 Nc6 5. Bf4 e5 6. dxe5 d4 7. Nb5 Qb6 8. e4
dxe3 9. Bxe3 Bb4+ 10. Bd2 Bc5 11. Nd6+ Kf8 12. Ne4 Bf5 13. Nxc5 Qxc5 14. Nf3
Nxe5 15. Nxe5 Qxe5+ 16. Be2 Nf6 17. Bc3 Qe6 18. O-O h6 19. Bf3 Ne4 20. Re1 Nxc3
21. bxc3 Qb6 22. Qb3 Be6 23. c4 Rc8 24. Rab1 Qxb3 25. axb3 b6 26. Ra1 Rc7 27.
Ra6 Bc8 28. Ra2 a5 29. Rd2 Bd7 30. Bg4 Be8 31. Rd8 Re7 32. Rxe7 Kxe7 33. Rb8 h5
34. Bf3 Rh6 35. Rb7+ Bd7 36. Bd5 Rf6 37. Kf1 Kd8 38. Ra7 h4 39. Ke2 g5 40. g3
hxg3 41. hxg3 Ke7 42. Ke3 Kd6 43. f4 gxf4+ 44. gxf4 Be6 45. Be4 Kc5 46. Rb7 Bf5
47. Bd5 Kb4 48. Kd4 Be6 49. Rxb6+ Ka3 50. Bxe6 fxe6 51. Ke5 Rf5+ 52. Ke4 Rf6 53.
c5 Rf8 54. Ke5 Rf5+ 55. Kd6 Rxf4 56. c6 Rf8 57. Kxe6 1-0

[Event "Titled Tue 24th Jun Early"]
[Site "chess.com INT"]
[Date "2025.06.24"]
[Round "5"]
[White "Dann, Matthias"]
[Black "Kezin, Roman"]
[Result "0-1"]
[WhiteTitle "IM"]
[BlackTitle "IM"]
[WhiteElo "2446"]
[BlackElo "2471"]
[WhiteFideId "24638056"]
[BlackFideId "24124621"]
[EventDate "2025.06.24"]

1. c4 e6 2. Nf3 d5 3. d4 Nf6 4. Nc3 c6 5. e3 Nbd7 6. Qc2 Bd6 7. b3 O-O 8. Bd3 e5
9. dxe5 Nxe5 10. Nxe5 Bxe5 11. Bb2 Re8 12. cxd5 cxd5 13. Ne2 d4 14. exd4 Bxd4
15. Bxd4 Qxd4 16. O-O Qh4 17. Rae1 Bd7 18. Qc4 Qxc4 19. Bxc4 Be6 20. Bxe6 Rxe6
21. Nd4 Rxe1 22. Rxe1 Rd8 23. Nf3 Rc8 24. h3 Kf8 25. Re2 Rc1+ 26. Kh2 Rc7 27. g4
Nd5 28. Rd2 Nc3 29. Kg2 Ke7 30. Nd4 g6 31. Kf3 Rd7 32. Ke3 Nd5+ 33. Ke4 Nf6+ 34.
Kd3 h5 35. f3 Nd5 36. Ke4 h4 37. f4 Nf6+ 38. Ke3 Rc7 39. Nb5 Rc5 40. Nxa7 Rc3+
41. Kd4 Rxh3 42. g5 Nh5 43. Ke4 Ng3+ 44. Kd5 Nf5 45. Re2+ Re3 46. Rc2 h3 47. Nb5
Ng3 48. Nd4 Nh5 49. f5 Nf4+ 50. Kc4 Kd7 51. fxg6 fxg6 52. Rf2 Re4 53. Kc3 Ng2
54. Nf3 Rf4 55. Rd2+ Ke6 56. Nh2 Rf5 57. Rd3 Nf4 58. Rg3 Ke5 59. Re3+ Kd5 0-1

[Event "Titled Tue 24th Jun Early"]
[Site "chess.com INT"]
[Date "2025.06.24"]
[Round "5"]
[White "Dilanyan, Grigor"]
[Black "Ilinca, Felix-Antonio"]
[Result "1-0"]
[WhiteTitle "FM"]
[BlackTitle "IM"]
[WhiteElo "2191"]
[BlackElo "2431"]
[WhiteFideId "13303570"]
[BlackFideId "54764998"]
[EventDate "2025.06.24"]

1. d4 Nf6 2. Nf3 b6 3. g3 Bb7 4. Bg2 g6 5. O-O Bg7 6. c4 O-O 7. Nc3 Ne4 8. Qd3
Nxc3 9. bxc3 d6 10. a4 a6 11. a5 Nd7 12. e4 e5 13. Bg5 Qc8 14. Rfb1 f5 15. Nh4
f4 16. Bh3 Rf7 17. axb6 cxb6 18. Be6 Qe8 19. Bxf7+ Qxf7 20. gxf4 h6 21. Bxh6
Bxh6 22. f5 gxf5 23. Nxf5 Bf4 24. Kf1 Qe6 25. d5 Qf6 26. Ke2 Kf7 27. Rg1 Rh8 28.
Rg7+ Ke8 29. Rag1 Nc5 30. Qf3 Nxe4 31. Qxe4 Bc8 32. Rg8+ Rxg8 33. Rxg8+ Kd7 34.
Qd3 Kc7 35. Rxc8+ Kxc8 36. h4 Kc7 37. Qe4 b5 38. cxb5 axb5 39. Qd3 Kb6 40. h5
Qg5 41. Nxd6 Qxh5+ 42. Qf3 Qh7 43. Ne4 Qa7 44. Qd3 Qa2+ 45. Kf3 Qa7 46. d6 Qd7
47. Qd5 Qh3+ 48. Ke2 Qg4+ 49. Ke1 Qd7 50. f3 Be3 51. Ke2 Bg1 52. Kf1 Bh2 53. Ke2
Bf4 54. Qc5+ Ka6 55. Kd3 Bh6 56. Kc2 Qf7 57. Kb2 Qxf3 58. Qc6+ Ka5 59. Qa8+ Kb6
60. Qb8+ Kc6 61. Qc7+ Kd5 62. Qb7+ Ke6 63. Nc5+ Kxd6 64. Qxf3 Kxc5 65. Qe4 Bf4
66. Kb3 Kb6 67. Qd5 1-0

[Event "Titled Tue 24th Jun Early"]
[Site "chess.com INT"]
[Date "2025.06.24"]
[Round "5"]
[White "Izafatava, Kira"]
[Black "Evdokimov, Alexey"]
[Result "1/2-1/2"]
[WhiteTitle "WCM"]
[BlackTitle "FM"]
[WhiteElo "2036"]
[BlackElo "2205"]
[WhiteFideId "13521705"]
[BlackFideId "24162450"]
[EventDate "2025.06.24"]

1. e4 e6 2. d4 d5 3. Nc3 Nf6 4. Bg5 Bb4 5. e5 h6 6. Bd2 Bxc3 7. bxc3 Ne4 8. Qg4
g6 9. Bc1 c5 10. Bd3 Nxc3 11. Ba3 Qa5 12. Bc1 Ne4+ 13. Kf1 h5 14. Qf4 Nc6 15.
Bxe4 dxe4 16. Qxe4 cxd4 17. Nf3 Qd5 18. Qxd5 exd5 19. Rb1 b6 20. Bb2 Bf5 21.
Nxd4 Nxd4 22. Bxd4 Bxc2 23. Rc1 Bd3+ 24. Ke1 Bc4 25. a3 Ke7 26. Kd2 Rhc8 27. f4
Rc6 28. h3 a5 29. g4 hxg4 30. hxg4 b5 31. f5 gxf5 32. gxf5 b4 33. Rh7 bxa3 34.
e6 Rf8 35. Re1 Ke8 36. exf7+ Kd7 37. f6 Re6 38. Rxe6 Kxe6 39. Bc5 Rxf7 40. Rh5
a2 41. Rh1 Rxf6 42. Kc3 Rf3+ 43. Kb2 Rg3 44. Rh6+ Kf5 45. Rh5+ Ke4 46. Rh4+ Kf3
47. Rh1 Rg2+ 48. Ka1 Ke4 49. Re1+ Kd3 50. Rd1+ Kc2 51. Re1 Rd2 52. Bd4 Kb3 53.
Be3 Rd3 54. Ba7 d4 55. Bb6 Rd2 56. Bxd4 Rxd4 57. Rc1 Ba6 58. Re1 Rd3 59. Rc1 Re3
60. Rg1 Re2 61. Rh1 Kc2 62. Rc1+ Kd3 63. Rc3+ Ke4 64. Rc4+ Kf3 65. Rf4+ Kg2 66.
Rg4+ Kf1 67. Rg1+ Kf2 68. Rg2+ Ke3 69. Rxe2+ Kxe2 70. Kxa2 Bb5 71. Ka3 Kd3 72.
Ka2 Kc4 73. Ka1 Kb4 74. Kb1 Ka4 75. Ka1 Bc4 76. Kb1 Ka3 77. Ka1 Bd5 78. Kb1 Be4+
79. Ka1 Bf5 1/2-1/2

[Event "Titled Tue 24th Jun Early"]
[Site "chess.com INT"]
[Date "2025.06.24"]
[Round "5"]
[White "Brancaleoni, Maurizio"]
[Black "Hury, Tymoteusz"]
[Result "0-1"]
[WhiteTitle "FM"]
[BlackTitle "CM"]
[WhiteElo "2185"]
[BlackElo "2115"]
[WhiteFideId "803022"]
[BlackFideId "21839328"]
[EventDate "2025.06.24"]

1. Nf3 Nf6 2. c4 g6 3. b3 d6 4. Bb2 e5 5. d3 Bg7 6. g3 O-O 7. Bg2 Nc6 8. O-O Be6
9. Nc3 h6 10. d4 Bg4 11. dxe5 dxe5 12. h3 Be6 13. Qxd8 Rfxd8 14. Nb5 e4 15. Nfd4
Nxd4 16. Nxd4 Bd7 17. Nb5 c6 18. Nd6 Bxh3 19. Nxb7 Bxg2 20. Kxg2 Rd2 21. Bc3
Rxe2 22. Rfe1 Rc2 23. Rac1 Rxa2 24. Nc5 Ng4 25. Nxe4 f5 26. Bxg7 Kxg7 27. Nc3
Rxf2+ 28. Kg1 Rf3 29. Kg2 Rf2+ 30. Kg1 Rd8 31. Re2 Rd2 32. Rce1 Rdxe2 33. Nxe2
Rf3 34. Rb1 Re3 35. Kf1 h5 36. b4 Re4 37. c5 a6 38. Ra1 Ne3+ 39. Kf2 Nd5 40.
Rxa6 Nxb4 41. Rb6 Rc4 42. Nf4 Rc2+ 43. Kg1 Nd5 44. Rxc6 Nxf4 45. gxf4 Rc4 46.
Rc7+ Kf6 47. c6 Rxf4 48. Rd7 Rc4 49. c7 Kg5 50. Kg2 h4 51. Kh2 Rc3 52. Kg2 Kg4
53. Rg7 Rc2+ 54. Kf1 g5 55. Rd7 h3 56. Kg1 Kh4 57. Rh7+ Kg3 58. Kf1 Rc1+ 59. Ke2
h2 60. Rh5 Rxc7 61. Rxg5+ Kf4 62. Rh5 Rc2+ 63. Kf1 Ra2 64. Rh3 Kg4 65. Rh8 f4
66. Rh7 Kg3 67. Rg7+ Kf3 0-1